Microsoft windows : (Registro nro. 33867)
[ vista simple ]
| 000 -CABECERA | |
|---|---|
| campo de control de longitud fija | 00443nam a2200121 a 4500 |
| 001 - NÚMERO DE CONTROL | |
| campo de control | 000034376 |
| 005 - FECHA Y HORA DE LA ÚLTIMA TRANSACCIÓN | |
| campo de control | 20200930073651.0 |
| 008 - DATOS DE LONGITUD FIJA--INFORMACIÓN GENERAL | |
| campo de control de longitud fija | 111004s1992 000 spa d |
| 040 ## - FUENTE DE LA CATALOGACIÓN | |
| Centro catalogador/agencia de origen | DO-SdBNP |
| Lengua de catalogación | spa |
| 245 00 - MENCIÓN DE TÍTULO | |
| Título | Microsoft windows : |
| Resto del título | Microsoft Windows manual del usuario : |
| -- | Para el sistema operativo Microsoft Windows, versión 3.1 / |
| Mención de responsabilidad, etc. | Microsoft Corporation. |
| 260 ## - PUBLICACIÓN, DISTRIBUCIÓN, ETC. | |
| Lugar de publicación, distribución, etc. | [s.n.] : |
| Lamina o número del editor para música (Pre-RCAA 2) [OBSOLETO, CAN/MARC], [LOCAL, USA] | Microsoft Corporation |
| Fecha de publicación, distribución, etc. | 1992. |
| 300 ## - DESCRIPCIÓN FÍSICA | |
| Extensión | 716 p. : |
| Otras características físicas | il ; |
| Dimensiones | 1992. |
| Estado de retiro | Estado de pérdida | Restricciones de uso | No para préstamo | Código de colección | Localización permanente | Ubicación/localización actual | Ubicación en estantería | Fecha de adquisición | Número de inventario | Total de préstamos | Signatura topográfica completa | Código de barras | Fecha visto por última vez | Precio válido a partir de | Tipo de ítem Koha |
|---|---|---|---|---|---|---|---|---|---|---|---|---|---|---|---|
| Excluido de préstamo | Monografías: Libros y Folletos | General | General | En catalogación | 04.10.2011 | LF1 | 34376-10 | 25.06.2020 | 25.06.2020 | No se presta | |||||
| Monografías: Libros y Folletos | General | General | Orden iniciada | 04.10.2011 | LF1 | 34377-10 | 25.06.2020 | 25.06.2020 | No se presta |
